| 000 | 00887cam a2200253Ma 4500 | ||
|---|---|---|---|
| 001 | childpsychology00crow | ||
| 003 | CaSfIA | ||
| 005 | 20230525155029.0 | ||
| 007 | cr|||| | ||
| 008 | 040914s1953 nyua b 001 0 eng d | ||
| 040 |
_aZZAND _bspa _cZZAND _dOCLCQ _dCaSfIA |
||
| 035 | _a(OCoLC)318268286 | ||
| 082 | 0 | 4 |
_a155.41 _bC658 _220 ed. |
| 100 | 1 |
_aCrow, Lester Donald, _d1897- |
|
| 245 | 1 | 0 |
_aChild psychology / _h[electronic resource] _cLester D. Crow, Alice Crow. |
| 260 |
_aNew York : _bBarnes & Noble, _c1953. |
||
| 300 |
_a267 p. : _bil. ; _c21 cm. |
||
| 440 | 0 |
_aCollege outline series ; _v79 |
|
| 504 | _aIncluye referencias bibliográficas e índice. | ||
| 650 | 1 | 4 | _aPsicología infantil. |
| 650 | 1 | 4 | _aDesarrollo infantil. |
| 700 | 1 |
_aCrow, Alice Von Bauer, _d1894- |
|
| 856 | 4 | 1 |
_uhttp://www.archive.org/details/childpsychology00crow _zFree eBook from the Internet Archive |
| 999 |
_c21357 _d21357 |
||